| 000 | 01671nam a2200301Ia 4500 | ||
|---|---|---|---|
| 999 |
_c53808 _d53808 |
||
| 001 | 20859 | ||
| 003 | GE_BSU | ||
| 005 | 20210518170308.0 | ||
| 008 | 181216s ||||ge |||||||||||||| ||geo|| | ||
| 020 | _a9789941453717 | ||
| 040 | _cGE_BSU | ||
| 041 | _ageo | ||
| 080 | _a631.6(075.8) ლ-75 | ||
| 100 |
_aლორთქიფანიძე, როზა _92506 |
||
| 245 |
_aაგროლანდშაფტების მელიორაციული ტექნოლოგიები : _bსახელმძღვანელო / _cროზა ლორთქიფანიძე, ნინო კელენჯერიძე ; რედაქტორი ნუნუ ჩაჩხიანი-ანასაშვილი. |
||
| 264 |
_aქუთაისი : _bაკაკი წერეთლის სახელმწ. უნ-ტის გამ-ბა, _c2015. |
||
| 300 |
_a236 გვ. : _bილ. ; _c20 სმ. |
||
| 500 | _aტერმინთა განმარტება გვ. : 228-230 | ||
| 504 | _aბიბლიოგრაფია გვ. 231 | ||
| 541 | _h24ლ. | ||
| 653 | _aსასოფლო - სამეურნეო მელიორაცია | ||
| 653 | _aნიადაგმცოდნეობა | ||
| 653 | _aსარწყავი მიწათმოქმედება | ||
| 653 | _aსოფლის მეურნეობა | ||
| 700 |
_aკელენჯერიძე, ნინო _eავტორი _911838 |
||
| 700 |
_aჩაჩხიანი - ანასაშვილი, ნუნუ _eრედაქტორი _911839 |
||
| 942 |
_cBK _2udc |
||